Statistics for [路線図付き] 新京成電鉄 新京成線 駅名穴埋めクイズ

Click here to take the quiz!

General Stats

  • This quiz has been taken 51 times
  • The average score is 16 of 24

Answers on the Map

Answers color-coded by a green-red scale on the quiz's map according to % correct below.
 

Answer Stats

Answer% Correct
新京成線SL01松戸
97%
新京成線SL11新鎌ヶ谷
92%
新京成線SL24京成津田沼
92%
新京成線SL05八柱
89%
新京成線SL23新津田沼
89%
新京成線SL19北習志野
78%
新京成線SL20習志野
68%
新京成線SL09くぬぎ山
68%
新京成線SL18高根木戸
68%
新京成線SL03松戸新田
68%
新京成線SL17高根公団
68%
新京成線SL04みのり台
62%
新京成線SL13鎌ヶ谷大仏
62%
新京成線SL02上本郷
62%
新京成線SL12初富
62%
新京成線SL07五香
59%
新京成線SL22前原
59%
新京成線SL10北初富
57%
新京成線SL21薬園台
54%
新京成線SL15三咲
51%
新京成線SL06常盤平
51%
新京成線SL14二和向台
51%
新京成線SL16滝不動
43%
新京成線SL08本山
43%

Score Distribution

Percentile by Number Answered

Percent of People with Each Score

Your Score History

You have not taken this quiz